[Event "Olbia CIG U16 24th"]
[Site "Olbia"]
[Date "2016.06.27"]
[Round "2"]
[White "Montaruli, Beatrice"]
[Black "Di Benedetto, Desiree"]
[Result "0-1"]
[WhiteElo "1661"]
[BlackElo "2142"]
[PlyCount "62"]
[EventDate "2016.06.26"]
[EventType "swiss"]
[EventRounds "9"]
[EventCountry "ITA"]
[SourceTitle "EXT 2024"]
[Source "ChessBase"]
[SourceDate "2023.10.10"]
[SourceVersion "1"]
[SourceVersionDate "2023.10.10"]
[SourceQuality "1"]

1. e4 e6 2. d4 d5 3. exd5 exd5 4. Nf3 Bd6 5. c4 dxc4 6. Bxc4 Nf6 7. 0-0 0-0 8. Bg5 Nc6 9. Nc3 h6 10. Bh4 Bg4 11. Nd5 g5 12. Nxf6+ Qxf6 13. Bg3 Bxf3 14. gxf3 Bxg3 15. hxg3 Nxd4 16. Bd5 c6 17. Be4 Rfe8 18. Rc1 Rad8 19. Re1 Kg7 20. Qd3 Rxe4 21. Qxe4 Nxf3+ 22. Kg2 Nxe1+ 23. Rxe1 Rd2 24. Qe3 Qxb2 25. Qxa7 Qxa2 26. Qe3 Qd5+ 27. Kh2 Qd4 28. Qxd4+ Rxd4 29. Re7 b5 30. Rc7 Rc4 31. Kg2 b4 0-1

[Event "ITA-ch U16"]
[Site "Montesilvano"]
[Date "2015.07.05"]
[Round "9"]
[White "Montaruli, Beatrice"]
[Black "Gueci, Tea"]
[Result "0-1"]
[WhiteElo "1439"]
[BlackElo "2171"]
[PlyCount "106"]
[EventDate "2015.06.29"]
[EventType "swiss"]
[EventRounds "9"]
[EventCountry "ITA"]
[SourceTitle "EXT 2024"]
[Source "ChessBase"]
[SourceDate "2023.10.10"]
[SourceVersion "1"]
[SourceVersionDate "2023.10.10"]
[SourceQuality "1"]

1. e4 g6 2. d4 Bg7 3. Nf3 d6 4. Nc3 Nf6 5. Bc4 0-0 6. 0-0 c6 7. Bf4 b5 8. Bd3 Nbd7 9. Qd2 Nh5 10. Bh6 a6 11. Bxg7 Nxg7 12. Rfe1 e5 13. dxe5 dxe5 14. Rad1 Qe7 15. Ne2 Nh5 16. c3 Nb6 17. Qe3 Rb8 18. Qg5 f6 19. Qh4 Qf7 20. Ng3 Nf4 21. Ne2 Nxe2+ 22. Rxe2 Qxa2 23. Red2 Qf7 24. Bc2 Be6 25. Rd6 Rbc8 26. Qh6 Nc4 27. Rxe6 Qxe6 28. Bb3 Rfd8 29. Ra1 a5 30. Rxa5 Ra8 31. Rxa8 Rxa8 32. Qc1 Kg7 33. Nd2 Rd8 34. h3 h5 35. f3 Qd6 36. Nxc4 bxc4 37. Ba2 Ra8 38. Qb1 Qd3 39. Qxd3 cxd3 40. Bc4 d2 41. Be2 Ra1+ 42. Kf2 d1Q 43. Bxd1 Rxd1 44. Ke2 Rb1 45. b4 Rb2+ 46. Kd3 Kf7 47. g3 Ke6 48. Kc4 Rf2 49. Kc5 Kd7 50. c4 Rxf3 51. b5 cxb5 52. cxb5 Rxg3 53. Kb6 Rxh3 0-1

[Event "Milan Carnevale op-B 6th"]
[Site "Milan"]
[Date "2015.02.22"]
[Round "6"]
[White "Vignati, Andrea"]
[Black "Montaruli, Beatrice"]
[Result "1/2-1/2"]
[WhiteElo "1574"]
[BlackElo "1506"]
[PlyCount "94"]
[EventDate "2015.02.18"]
[EventType "swiss"]
[EventRounds "6"]
[EventCountry "ITA"]
[SourceTitle "EXT 2017"]
[Source "ChessBase"]
[SourceDate "2016.10.25"]
[SourceVersion "1"]
[SourceVersionDate "2016.10.25"]
[SourceQuality "1"]

1. e4 e5 2. Nf3 Nc6 3. Bc4 Bc5 4. Nc3 Nf6 5. d3 d6 6. Bg5 h6 7. Be3 Bb6 8. 0-0 Bg4 9. h3 Bh5 10. Bb3 0-0 11. a3 Nd4 12. Bxd4 Bxd4 13. Qe2 Re8 14. Rfe1 c6 15. Nd1 Bb6 16. Ne3 Rc8 17. Nc4 Bc7 18. Qe3 b5 19. Ncd2 Bb6 20. Qe2 d5 21. exd5 cxd5 22. Qf1 Qc7 23. Nb1 Bxf3 24. gxf3 Qd6 25. Nc3 a6 26. Qg2 Re6 27. f4 e4 28. dxe4 Qxf4 29. exd5 Rxe1+ 30. Rxe1 Ba5 31. Qg3 Qxg3+ 32. fxg3 Bxc3 33. bxc3 Rxc3 34. Kf2 Kf8 35. Re3 Rxe3 36. Kxe3 Ke7 37. c4 bxc4 38. Bxc4 a5 39. a4 Kd6 40. Kd4 Nd7 41. Bb5 Nb6 42. Bc6 f5 43. g4 f4 44. Ke4 f3 45. Kxf3 Nxd5 46. Bxd5 Kxd5 47. Kf4 Ke6 1/2-1/2

[Event "Milan Carnevale op-B 6th"]
[Site "Milan"]
[Date "2015.02.19"]
[Round "2"]
[White "Montaruli, Beatrice"]
[Black "Meharunkar, Prabhav"]
[Result "1-0"]
[WhiteElo "1506"]
[BlackElo "1530"]
[PlyCount "91"]
[EventDate "2015.02.18"]
[EventType "swiss"]
[EventRounds "6"]
[EventCountry "ITA"]
[SourceTitle "EXT 2017"]
[Source "ChessBase"]
[SourceDate "2016.10.25"]
[SourceVersion "1"]
[SourceVersionDate "2016.10.25"]
[SourceQuality "1"]

1. e4 e5 2. Nf3 Nc6 3. Bc4 Nf6 4. Nc3 Nxe4 5. Nxe4 d5 6. Bd3 f5 7. Nxe5 Nxe5 8. Ng3 Nxd3+ 9. cxd3 Be7 10. 0-0 0-0 11. Qf3 Be6 12. b3 Bb4 13. a3 Bc5 14. Bb2 Qd6 15. Rfe1 Rae8 16. b4 Bb6 17. Be5 Qd7 18. Nh5 Rf7 19. Qg3 Kh8 20. Re2 c5 21. Rae1 cxb4 22. axb4 d4 23. Nxg7 Rxg7 24. Bxg7+ Qxg7 25. Qxg7+ Kxg7 26. Rxe6 Rxe6 27. Rxe6 Bd8 28. Rd6 Bb6 29. Rd7+ Kg6 30. Rxb7 h5 31. g3 Kg5 32. Kg2 Kg6 33. Kf3 Kg5 34. h4+ Kg6 35. Kf4 Kf6 36. f3 Kg6 37. Ke5 Bd8 38. Kxd4 Bf6+ 39. Kd5 Bb2 40. Rxa7 Bc1 41. b5 Bxd2 42. Ra6+ Kf7 43. b6 Ke7 44. b7 Kd7 45. b8Q Be1 46. Ra7# 1-0

[Event "Milan Carnevale op-B 6th"]
[Site "Milan"]
[Date "2015.02.18"]
[Round "1"]
[White "Carli, Federico"]
[Black "Montaruli, Beatrice"]
[Result "1-0"]
[WhiteElo "1663"]
[BlackElo "1506"]
[PlyCount "77"]
[EventDate "2015.02.18"]
[EventType "swiss"]
[EventRounds "6"]
[EventCountry "ITA"]
[SourceTitle "EXT 2017"]
[Source "ChessBase"]
[SourceDate "2016.10.25"]
[SourceVersion "1"]
[SourceVersionDate "2016.10.25"]
[SourceQuality "1"]

1. e4 e5 2. Nf3 Nc6 3. d4 exd4 4. Nxd4 Bc5 5. Be3 Nxd4 6. Bxd4 Bxd4 7. Qxd4 Qg5 8. Nc3 Ne7 9. h4 Qh6 10. Bc4 Nc6 11. Qd5 0-0 12. Bb3 d6 13. Qg5 Qxg5 14. hxg5 Be6 15. 0-0-0 Na5 16. Rh2 Nxb3+ 17. axb3 f5 18. Rdh1 fxe4 19. Nxe4 Bf5 20. Ng3 Bg6 21. Rf1 Rae8 22. Kd2 Re5 23. f4 Rc5 24. c3 Rb5 25. Kc1 Rxb3 26. f5 Be8 27. Rfh1 g6 28. Rxh7 gxf5 29. Rh8+ Kf7 30. R1h7+ Kg6 31. Rh6+ Kxg5 32. Rxf8 Kxh6 33. Rxe8 Kg5 34. Rg8+ Kf4 35. Ne2+ Ke5 36. Re8+ Kf6 37. Nd4 Rb6 38. Rf8+ Kg6 39. Rxf5 1-0